000 00926nam a2200277Ia 4500
001 Para_9772
003 CHAP
008 220125s1992 xx 000 0 und d
010 _a208413
020 _a0-395-90665-2
040 _cCHAP
082 _aPA 595.78 O61
100 _aOpler, Paul A.
_983372
245 _aPeterson first guide to butterflies and moths /
_c Paul A. Opler ; ilustrado por Amy Bartlett Wright
260 _aNew York :
_bHoughton Mifflin
300 _a127 p.
500 _aTexto basado en Field guide to eastern butterflies por Paul Opler, copyright 1992 T.p verso \ Incluye referencias bibliográficas (p. 123) e índice.
650 _aLepidopteras
_x America del Norte
_x Identificación
_9174787
901 _aPA 595.78 O61
902 _aM
905 _a5232201992 a 8000000000 06
910 _a1992
942 _cPARA
942 _cPARA
_d1
999 _c208413
_d208413